Diktadan demokrasiye (Kayıt no. 6354)

MARC ayrıntıları
000 -BAŞLIK
Sabit Uzunlukta Kontrol Alanı 01193na a2200301 4500
001 - KONTROL NUMARASI
Denetim Alanı 20439
003 - KONTROL NUMARASI IDENTIFIER
Denetim Alanı MIRAKIL
005 - SON İŞLEM TARİHİ VE ZAMANI
Denetim Alanı 20181213155105.0
008 - SABİT-BOY VERİ ELEMANLARI - GENEL BİLGİLER
Sabit Uzunlukta Kontrol Alanı 170120b tu 000 0
040 ## - KATALOGLAMA KAYNAK
Orijinal Kataloglama Ajansı Milas
Kataloglama Dili tur
Metne Dönüştürmek Ajansı TR-AnCHP
041 ## - DİL KODU
Metin / Ses Parça Veya Ayrı Başlığın Dil Kodu tur
082 ## - DEWEY ONLU SINIFLANDIRMA NUMARASI
Sınıflandırma Numarası 321.846
Ürün Numarası C45d 1990
090 ## - SINIFLAMA NUMARASI
Sınıflama Numarası 321.846 C45d 1990
100 ## - ANA GİRİŞ - KİŞİSEL İSİM
Kişisel Ad Cıngı, Aydın
245 ## - BAŞLIK TABLOSU
Başlık Diktadan demokrasiye
Başlığın Kalan Güney Avrupa'nın yedi yeni demokrasileri İspanya-Portekiz-Yunanistan
-- Demokratikleşme süreci, parti sistemleri ve demokratik sol
Sorumluluk Tablosu, Vb Aydın Cıngı
246 ## - UNVAN FORM VARYING
Başlık Doğru / Kısa Başlığı Güney Avrupa'nın yedi yeni demokrasileri İspanya-Portekiz-Yunanistan
246 ## - UNVAN FORM VARYING
Başlık Doğru / Kısa Başlığı Demokratikleşme süreci, parti sistemleri ve demokratik sol
260 ## - YAYIN, DAĞITIM, VB
Yayın, Dağıtım, Vb Yeri İstanbul
Yayıncı, Dağıtıcı, Vs Adı TÜSES Yayınları
Yayın, Dağıtım, Vb Tarihi 1990
300 ## - FİZİKSEL TANIM
Kapsam 160 s.
Boyutlar 24 sm.
504 ## - KAYNAKÇA VB NOT
Kaynakça Vb Notu Kaynakça var.
650 ## - KONU KATMA GİRİŞ - TOPİKAL DÖNEM
Topikal Süreli Veya Coğrafi Ad Giriş Elemanı Demokratik sistemler
Genel Alt Bölümü Tarih
Coğrafi Alt Bölümü Güney Avrupa
650 ## - KONU KATMA GİRİŞ - TOPİKAL DÖNEM
Topikal Süreli Veya Coğrafi Ad Giriş Elemanı Demokratik sistemler
Coğrafi Alt Bölümü İspanya
650 ## - KONU KATMA GİRİŞ - TOPİKAL DÖNEM
Topikal Süreli Veya Coğrafi Ad Giriş Elemanı Demokratik sistemler
Coğrafi Alt Bölümü Portekiz
650 ## - KONU KATMA GİRİŞ - TOPİKAL DÖNEM
Topikal Süreli Veya Coğrafi Ad Giriş Elemanı Demokratik sistemler
Coğrafi Alt Bölümü Yunanistan
740 ## - KATMA GİRİŞ - KONTROLSUZ İLGİLİ / ANALİTİK BAŞLIK
Kontrol Edilmeyen / İlgili Analitik Başlıktaki Güney Avrupa'nın yedi yeni demokrasileri İspanya-Portekiz-Yunanistan
740 ## - KATMA GİRİŞ - KONTROLSUZ İLGİLİ / ANALİTİK BAŞLIK
Kontrol Edilmeyen / İlgili Analitik Başlıktaki Demokratikleşme süreci, parti sistemleri ve demokratik sol
942 ## - EKLENDİ GİRİŞ ELEMANLARI (KOHA)
Sınıflandırma Veya Raf Düzeni Kaynak
Koha Öğesi Türü Kitaplar
999 ## - SİSTEM KONTROL NUMARALARI (KOHA)
Koha Biblionumber 6354
Koha Biblioitemnumber 6354
Mevcut
Kalıcı Konum Mevcut Konum Edinme Tarihi Edinim Kaynak Toplam Check-Out'Lar Tam Çağrı Numarası Barkod Tarih Son Görülme İtibaren Geçerli Fiyatlar Koha Öğesi Türü
CHP Kütüphanesi CHP Kütüphanesi 01/20/2017 Bağış   321.846 C45d 1990 012560 01/20/2017 01/20/2017 Kitaplar